00545nam a2200145 a 4500008004100000020001800041050002000059110002900079245007800108260004900186300003600235350001000271650006900281650004900350190522s2018 ||||||||||||||||| || u a9781587134371 aQA 76.9.A25 Ccn aCISCO Networking Academy10aCCNA cybersecurity operations course bookletcBy CISCO Networking Academy aIndianaploisbCISCO Networking Academyc2018 axxii, 314 pages : illustrations a50.16 0aCOMPUTER NETWORKS--SECURITY MEASURES--EXAMINATIONS--STUDY GUIDES aCOMPUTER SECURITY--EXAMINATIONS--STUDY GUIDE